Heat transfer in materials processing : presented at the Winter Annual Meeting of the American Society of Mechanical Engineers, Anaheim, California, November 8-13, 1992 /

Bibliographic Details
Corporate Authors: American Society of Mechanical Engineers. Winter Annual Meeting, American Society of Mechanical Engineers. Heat Transfer Division
Other Authors: Khanpara, J. C. (Jatin C.), Bishop, Patricia J.
Format: Book
Language:English
Published: New York : The Society, ©1992.
Series:HTD (Series) ; v. 224.
Subjects:

MARC

Tag First Indicator Second Indicator Subfields
LEADER 00000cam a2200000 a 4500
001 in00001094150
005 20230706121431.0
008 920901s1992 nyua b 100 0 eng
010 |a  92056532  
019 |a 27135440  |a 1012012719 
020 |a 0791810690  |q (pbk.) 
020 |a 9780791810699  |q (pbk.) 
029 1 |a AU@  |b 000009860851 
029 1 |a GBVCP  |b 122872983 
035 |a (OCoLC)ocm28377131  
035 |a (OCoLC)28377131  |z (OCoLC)27135440  |z (OCoLC)1012012719 
035 |a (OCoLC)ocm28377131  
040 |a DLC  |b eng  |c DLC  |d BAKER  |d BTCTA  |d OCLCG  |d BUF  |d GBVCP  |d OCLCO  |d OCLCF  |d OCLCA  |d OCLCQ  |d OCLCO  |d OCL  |d OCLCO 
050 0 0 |a TS183  |b .A472 1992a 
050 1 4 |a TJ260  |b .H445 1992 
082 0 0 |a 670.42  |2 20 
084 |a 50.38  |2 bcl 
110 2 |a American Society of Mechanical Engineers.  |b Winter Annual Meeting  |d (1992 :  |c Anaheim, Calif.) 
245 1 0 |a Heat transfer in materials processing :  |b presented at the Winter Annual Meeting of the American Society of Mechanical Engineers, Anaheim, California, November 8-13, 1992 /  |c sponsored by the Heat Transfer Division, ASME ; edited by J.C. Khanpara, P. Bishop. 
260 |a New York :  |b The Society,  |c ©1992. 
300 |a v, 61 pages :  |b illustrations ;  |c 28 cm. 
336 |a text  |b txt  |2 rdacontent 
337 |a unmediated  |b n  |2 rdamedia 
338 |a volume  |b nc  |2 rdacarrier 
490 1 |a HTD ;  |v vol. 224 
504 |a Includes bibliographical references. 
650 0 |a Manufacturing processes  |v Congresses. 
650 0 |a Heat  |x Transmission  |v Congresses. 
650 6 |a Fabrication  |v Congrès. 
650 6 |a Chaleur  |x Transmission  |v Congrès. 
650 7 |a Heat  |x Transmission.  |2 fast  |0 (OCoLC)fst00953826 
650 7 |a Manufacturing processes.  |2 fast  |0 (OCoLC)fst01008139 
653 0 |a Heat  |a Transmission  |a Congresses 
653 0 |a Manufacturing processes  |a Congresses 
655 7 |a Conference papers and proceedings.  |2 fast  |0 (OCoLC)fst01423772 
700 1 |a Khanpara, J. C.  |q (Jatin C.) 
700 1 |a Bishop, Patricia J. 
710 2 |a American Society of Mechanical Engineers.  |b Heat Transfer Division. 
776 0 8 |i Online version:  |a American Society of Mechanical Engineers. Winter Meeting (1992 : Anaheim, Calif.).  |t Heat transfer in materials processing.  |d New York : The Society, ©1992  |w (OCoLC)631014032 
830 0 |a HTD (Series) ;  |v v. 224. 
938 |a Baker & Taylor  |b BKTY  |c 27.50  |d 32.45  |i 0791810690  |n 0002585216  |s active 
938 |a Baker and Taylor  |b BTCP  |n 92056532 
948 |h NO HOLDINGS IN TXA - 64 OTHER HOLDINGS 
994 |a Z0  |b TXA 
999 f f |s 9a1aef28-0706-306f-83f9-2ed2f1fd2bdc  |i 23dee230-3003-3148-a8f8-18c43b4c32db  |t 0 
952 f f |p ric  |a Texas A&M University  |b Rellis Campus  |c Joint Library Facility  |s JLF  |d Remote Storage  |t 0  |e TJ260 .H445 1992  |h Library of Congress classification  |i unmediated -- volume  |m A14816630226